Online Catalogue and eLibrary

Ilankai Val Thamilar Varalaru (Record no. 4269)

MARC details
000 -LEADER
fixed length control field 00449nam a2200181Ia 4500
005 - DATE AND TIME OF LATEST TRANSACTION
control field 20250224013525.0
008 - FIXED-LENGTH DATA ELEMENTS--GENERAL INFORMATION
fixed length control field 240331s9999 xx 000 0 und d
020 ## - INTERNATIONAL STANDARD BOOK NUMBER
ISBN 9559429353
082 ## - DDC Classification
Item Number - Author Mark KAN
DDC Edition Number 4893
Class No. 954
100 ## - MAIN ENTRY--PERSONAL NAME
Personal name Kanapathipillai, K
245 #0 - TITLE STATEMENT
Title Ilankai Val Thamilar Varalaru
260 ## - PUBLICATION, DISTRIBUTION, ETC.
Place of publication, distribution, etc. Colombo
Name of publisher, distributor, etc. Kumaran Book House
Date of publication, distribution, etc. 2003
300 ## - PHYSICAL DESCRIPTION
Extent (e.g. Volumes, Pages etc.) 70 p.,
650 ## - SUBJECT ADDED ENTRY--TOPICAL TERM
Topical term or geographic name entry element History
650 ## - SUBJECT ADDED ENTRY--TOPICAL TERM
Topical term or geographic name entry element Sri Lankan Tamil
650 ## - SUBJECT ADDED ENTRY--TOPICAL TERM
Topical term or geographic name entry element Liberation
942 ## - Koha item type (Biblio)
Koha item type Books in Stacks (Lending)
Holdings
Lost status Damaged status Collection code Home library Current library Shelving location Date acquired Full call number Accession Number Item type
    Lending WERC Library WERC Library Social Science Cupboard 03/31/2024 954 KAN 4893 Books in Stacks (Lending)

© WERC Library